| 000 | 01087cab a22002055a 4500 | ||
|---|---|---|---|
| 001 | L136950 | ||
| 008 | 070306e2007 xxk 000 0 eng d | ||
| 035 | _a(Sirsi) u136950 | ||
| 041 | 0 | _aeng | |
| 100 | 1 | _aMatthews, Stuart | |
| 245 |
_aExpert witness update _bbuildings blocked? |
||
| 260 | _c2007 | ||
| 490 | 0 |
_aSolicitors' Journal _vExpert Witness Update Winter 2007, 12-16(4) |
|
| 520 | _aExplores technical and quantum issues surrounding construction disputes and the way that expert evidence is presented. Considers the variety of technical problems that can occur in the built environment and the role of the BRE in producing related guidance. In particular, highlights problems caused by flooring, corrosion and coatings, and cladding. Concludes by discussing the importance of better integration of technical and quantum expert evidence. | ||
| 590 | _aKA | ||
| 651 | 4 |
_aUnited Kingdom _y |
|
| 690 | _aMANAGEMENT-DISPUTE AVOIDANCE, MANAGEMENT AND RESOLUTION-DISPUTE MANAGEMENT AND RESOLUTION-EXPERT WITNESSES-EXPERT EVIDENCE | ||
| 690 | _aBUILT ENVIRONMENT | ||
| 942 | _n0 | ||
| 999 |
_c78505 _d78505 |
||